000 00767nam a2200217 i 4500
001 189658
003 ES-MaACL
005 20250927154242.0
007 t|
008 190830 1966 sp ||||1| spa d
100 1 _aFernández de la Reguera, Ricardo,
_d1916-2000
_949675
245 1 3 _aLa semana trágica /
_cpor Ricardo Fernández de la Reguera y Susana March.
260 _aBarcelona :
_bPlaneta,
_c1966.
300 _a646 p. ;
_c21 cm.
490 1 _aEpisodios nacionales contemporáneos ;
_v5
651 4 _aBarcelona-
_xHistoria-
_y1909, Semana trágica-
_vNovelas.
_9151436
700 1 _aMarch, Susana,
_d1915-1991
_9140841
830 0 _aEpisodios nacionales contemporáneos ;
_v5
_9193354
852 _aES-MaACL
_jP-745-5
999 _c189658
_d189658